| 000 | 00574nam a2200157Ia 4500 | ||
|---|---|---|---|
| 001 | 18293 | ||
| 003 | GE_BSU | ||
| 008 | 181216s||||||||xx |||||||||||||| ||und|| | ||
| 040 | _cGE_BSU | ||
| 100 | _aჰეივუდი,ენდრიუ | ||
| 245 | _aპოლიტიკა | ||
| 245 | _b[პოლიტიკა,პოლიტოლოგია] | ||
| 245 | _cმთარგმნ:გია ჭუმბურიძე; ზაზა ჭელიძე. | ||
| 653 | _aპოლიტიკა:[პოლიტიკა,პოლიტოლოგია] | ||
| 942 | _cBK | ||
| 999 |
_c51324 _d51324 |
||